[Event "Lesa op 1st"]
[Site "Lesa"]
[Date "2012.10.13"]
[Round "3"]
[White "Moroso, Giuliano"]
[Black "Travaini, Dario"]
[Result "1/2-1/2"]
[WhiteElo "1655"]
[BlackElo "1368"]
[PlyCount "45"]
[EventDate "2012.10.12"]
[EventType "swiss"]
[EventRounds "5"]
[EventCountry "ITA"]
[SourceTitle "EXT 2015"]
[Source "ChessBase"]
[SourceDate "2014.11.20"]
[SourceVersion "1"]
[SourceVersionDate "2014.11.20"]
[SourceQuality "1"]

1. e4 e5 2. Nf3 Nc6 3. Bc4 Bc5 4. d3 Nf6 5. 0-0 0-0 6. Bg5 d6 7. h3 Bd7 8. Qd2 a6 9. Nc3 Na5 10. Nd5 Nxc4 11. dxc4 Nxe4 12. Bxd8 Nxd2 13. Nxd2 Raxd8 14. Nxc7 Bf5 15. c3 Rc8 16. Nd5 Rfe8 17. Rfe1 Re6 18. Rad1 Kf8 19. b3 Rg6 20. Kf1 Bd3+ 21. Kg1 Bf5 22. Kf1 Bd3+ 23. Kg1 1/2-1/2

[Event "Lesa op 1st"]
[Site "Lesa"]
[Date "2012.10.13"]
[Round "2"]
[White "Travaini, Dario"]
[Black "Folli, Aldo"]
[Result "1/2-1/2"]
[WhiteElo "1368"]
[BlackElo "1628"]
[PlyCount "71"]
[EventDate "2012.10.12"]
[EventType "swiss"]
[EventRounds "5"]
[EventCountry "ITA"]
[SourceTitle "EXT 2015"]
[Source "ChessBase"]
[SourceDate "2014.11.20"]
[SourceVersion "1"]
[SourceVersionDate "2014.11.20"]
[SourceQuality "1"]

1. e4 e5 2. Nf3 Nc6 3. d4 exd4 4. Nxd4 Bc5 5. Be3 Qe7 6. Nc3 Nxd4 7. Bxd4 Bxd4 8. Qxd4 Nf6 9. Be2 c5 10. Qe3 0-0 11. e5 Ne8 12. Nd5 Qe6 13. Qxc5 b6 14. Qd4 Bb7 15. Bc4 Qh6 16. 0-0 d6 17. Rad1 Qg5 18. Rfe1 Nc7 19. g3 Ne6 20. Qe3 dxe5 21. Qxe5 Bxd5 22. Bxd5 Rac8 23. Bxe6 Qxe5 24. Bxf7+ Rxf7 25. Rxe5 Rxc2 26. Re8+ Rf8 27. Rxf8+ Kxf8 28. Rd8+ Ke7 29. Ra8 a5 30. Ra7+ Kf6 31. Rd7 Rxb2 32. Rd6+ Ke7 33. Rc6 b5 34. a3 a4 35. Ra6 Rb3 36. Rb6 1/2-1/2